[Event "Venice Province-ch 71st"]
[Site "Venice Mestre"]
[Date "2011.11.16"]
[Round "4"]
[White "Perissotto, Mario"]
[Black "Ballarin, Gabriele"]
[Result "1/2-1/2"]
[WhiteElo "1652"]
[BlackElo "1818"]
[PlyCount "57"]
[EventDate "2011.01.14"]
[EventType "swiss"]
[EventRounds "5"]
[EventCountry "ITA"]
[SourceTitle "EXT 2022"]
[Source "ChessBase"]
[SourceDate "2021.10.06"]
[SourceVersion "1"]
[SourceVersionDate "2021.10.06"]
[SourceQuality "1"]

1. e4 d6 2. d4 Nf6 3. Nc3 e5 4. dxe5 dxe5 5. Qxd8+ Kxd8 6. Bg5 Be6 7. 0-0-0+ Kc8 8. f3 c6 9. g3 Nbd7 10. Bh3 Bxh3 11. Nxh3 h6 12. Be3 Bc5 13. Bxc5 Nxc5 14. Rd6 Kc7 15. Rhd1 Nd5 16. Nb5+ Kb6 17. exd5 Kxb5 18. dxc6 bxc6 19. Nf2 Rac8 20. Nd3 Nxd3+ 21. R1xd3 Rc7 22. b3 Re8 23. Rd7 Kb6 24. Kd2 Kb7 25. Rd8 Ree7 26. a4 Rc8 27. R8d7+ Rc7 28. Rd8 Rc8 29. R8d7+ 1/2-1/2

[Event "Treviso op-B 34th"]
[Site "Treviso"]
[Date "2010.12.05"]
[Round "4.5"]
[White "Perissotto, Mario"]
[Black "Rossi, Gianni"]
[Result "1/2-1/2"]
[WhiteElo "1626"]
[BlackElo "1855"]
[PlyCount "63"]
[EventDate "2010.12.03"]
[EventType "swiss"]
[EventRounds "5"]
[EventCountry "ITA"]
[SourceTitle "EXT 2024"]
[Source "ChessBase"]
[SourceDate "2023.10.10"]
[SourceVersion "1"]
[SourceVersionDate "2023.10.10"]
[SourceQuality "1"]

1. e4 Nf6 2. Nc3 d5 3. exd5 Nxd5 4. Nxd5 Qxd5 5. Nf3 Bg4 6. Be2 Nc6 7. c3 e5 8. Qb3 0-0-0 9. Qxd5 Rxd5 10. Ng5 Bxe2 11. Kxe2 Rd7 12. f3 f5 13. Rd1 Bc5 14. b4 Bb6 15. a4 a5 16. b5 Nd8 17. d3 h6 18. Nh3 Ne6 19. Be3 Bxe3 20. Kxe3 Rhd8 21. g3 Nc5 22. Nf2 g5 23. Ke2 h5 24. Ke3 Rh8 25. Ra2 h4 26. g4 f4+ 27. Ke2 Rhd8 28. Raa1 b6 29. Ra2 Rd5 30. Raa1 Nb3 31. Rab1 Nc5 32. Ra1 1/2-1/2